Programa para la mejora de la docencia universitaria (Record no. 20916)

MARC details
000 -LEADER
campo de control de longitud fija 01824nmm a2200565 a 4500
003 - IDENTIFICADOR DE NÚMERO DE CONTROL
campo de control AR-BaBNM
005 - FECHA Y HORA DE LA ÚLTIMA TRANSACCIÓN
campo de control 20251128211736.0
008 - DATOS DE LONGITUD FIJA--INFORMACIÓN GENERAL
campo de control de longitud fija 056020s2005 ||||||||||||||000 | spa||
020 ## - NÚMERO INTERNACIONAL ESTÁNDAR DEL LIBRO
Número Internacional Estándar del Libro 84-205-4341-1
040 ## - FUENTE DE CATALOGACIÓN
Centro/agencia transcriptor AR-BaBNM
245 10 - MENCIÓN DEL TÍTULO
Título Programa para la mejora de la docencia universitaria
260 ## - PUBLICACIÓN, DISTRIBUCIÓN, ETC.
Lugar de publicación, distribución, etc. Madrid
Nombre del editor, distribuidor, etc. Pearson-Prentice Hall
Fecha de publicación, distribución, etc. 2005
300 0# - DESCRIPCIÓN FÍSICA
Extensión 601 p.
Material acompañante/anejo 1 CD-ROM
500 0# - NOTA GENERAL
Nota general Solicitar el CD-ROM no. 750973 en Mediateca
650 #4 - PUNTO DE ACCESO ADICIONAL DE MATERIA--TÉRMINO DE MATERIA
Término de materia o nombre geográfico como elemento de entrada ENSENANZA UNIVERSITARIA
650 #4 - PUNTO DE ACCESO ADICIONAL DE MATERIA--TÉRMINO DE MATERIA
Término de materia o nombre geográfico como elemento de entrada PROFESORES UNIVERSITARIOS
650 #4 - PUNTO DE ACCESO ADICIONAL DE MATERIA--TÉRMINO DE MATERIA
Término de materia o nombre geográfico como elemento de entrada FORMACION DE DOCENTES
650 #4 - PUNTO DE ACCESO ADICIONAL DE MATERIA--TÉRMINO DE MATERIA
Término de materia o nombre geográfico como elemento de entrada DESARROLLO PROFESIONAL
650 #4 - PUNTO DE ACCESO ADICIONAL DE MATERIA--TÉRMINO DE MATERIA
Término de materia o nombre geográfico como elemento de entrada PROGRAMAS DE EDUCACION
650 #4 - PUNTO DE ACCESO ADICIONAL DE MATERIA--TÉRMINO DE MATERIA
Término de materia o nombre geográfico como elemento de entrada TUTORIA
650 #4 - PUNTO DE ACCESO ADICIONAL DE MATERIA--TÉRMINO DE MATERIA
Término de materia o nombre geográfico como elemento de entrada CURRICULO UNIVERSITARIO
650 #4 - PUNTO DE ACCESO ADICIONAL DE MATERIA--TÉRMINO DE MATERIA
Término de materia o nombre geográfico como elemento de entrada ACTIVIDADES
651 #4 - PUNTO DE ACCESO ADICIONAL DE MATERIA--NOMBRE GEOGRÁFICO
Nombre geográfico España
653 #0 - TÉRMINO DE INDIZACIÓN--NO CONTROLADO
Término no controlado EDUCACION SUPERIOR
700 1# - ENTRADA AGREGADA--NOMBRE PERSONAL
Nombre de persona Villar Angulo, Luis Miguel
Término indicativo de función/relación coordinador
700 1# - ENTRADA AGREGADA--NOMBRE PERSONAL
Nombre de persona Alegre de la Rosa, Olga María
700 1# - ENTRADA AGREGADA--NOMBRE PERSONAL
Nombre de persona Bolívar Botía, Antonio
700 1# - ENTRADA AGREGADA--NOMBRE PERSONAL
Nombre de persona Castillo Arredondo, Santiago
700 1# - ENTRADA AGREGADA--NOMBRE PERSONAL
Nombre de persona Domeme Martos, Soledad
700 1# - ENTRADA AGREGADA--NOMBRE PERSONAL
Nombre de persona García Rodríguez, María Soledad
700 1# - ENTRADA AGREGADA--NOMBRE PERSONAL
Nombre de persona García-Valcárcel Muñoz-Repiso, Ana
700 1# - ENTRADA AGREGADA--NOMBRE PERSONAL
Nombre de persona González Losada, Sebastián
700 1# - ENTRADA AGREGADA--NOMBRE PERSONAL
Nombre de persona Guil Bozal, Ana
700 1# - ENTRADA AGREGADA--NOMBRE PERSONAL
Nombre de persona Guzmán Rosquete, Remedios
700 1# - ENTRADA AGREGADA--NOMBRE PERSONAL
Nombre de persona Leal Hernández, Elena
700 1# - ENTRADA AGREGADA--NOMBRE PERSONAL
Nombre de persona Medina Rivilla, Antonio
700 1# - ENTRADA AGREGADA--NOMBRE PERSONAL
Nombre de persona Morales Lozano, Juan Antonio
700 1# - ENTRADA AGREGADA--NOMBRE PERSONAL
Nombre de persona Núñez Domínguez, Trinidad
700 1# - ENTRADA AGREGADA--NOMBRE PERSONAL
Nombre de persona Pascual Sevillano, María Angeles
700 1# - ENTRADA AGREGADA--NOMBRE PERSONAL
Nombre de persona Pérez Ferra, Miguel
700 1# - ENTRADA AGREGADA--NOMBRE PERSONAL
Nombre de persona Pérez Jorge, David
700 1# - ENTRADA AGREGADA--NOMBRE PERSONAL
Nombre de persona Pérez Pérez, Ramón
700 1# - ENTRADA AGREGADA--NOMBRE PERSONAL
Nombre de persona Rodríguez Gallego, Margarita
700 1# - ENTRADA AGREGADA--NOMBRE PERSONAL
Nombre de persona Romero Godoy, María del Pilar
700 1# - ENTRADA AGREGADA--NOMBRE PERSONAL
Nombre de persona Romero Tena, Rosalía
700 1# - ENTRADA AGREGADA--NOMBRE PERSONAL
Nombre de persona Sánchez Herrera, Javier
700 1# - ENTRADA AGREGADA--NOMBRE PERSONAL
Nombre de persona Toledo Morales, Purificación
942 ## - ELEMENTOS DE ENTRADA SECUNDARIOS (KOHA)
Tipo de ítem Koha Libros
998 ## - INFORMACIÓN DE CONTROL LOCAL (RLIN)
Iniciales del catalogador, CIN (RLIN) me-solo cat
Holdings
Estatus retirado Estado de pérdida Fuente de la clasificación o esquema de estantería Estado de daño No para préstamo Biblioteca de origen Biblioteca actual Fecha de adquisición Total de préstamos Signatura topográfica completa Código de barras Visto por última vez Precio de reemplazo Tipo de ítem Koha Fuente de adquisición
    Clasificación Decimal Dewey     Liberty Liberty 28/11/2025   378 VIL 141529 28/11/2025 28/11/2025 Libros  
    Clasificación Decimal Dewey     Liberty Liberty 28/11/2025   378 VIL 143051 28/11/2025 28/11/2025 Libros C-BP-014